| 000 | 00944nam a2200193 a 4500 | ||
|---|---|---|---|
| 001 | 000039851 | ||
| 005 | 20201002033753.0 | ||
| 008 | 130725s2000 sp 000 0 spa d | ||
| 020 | _a8400079701 | ||
| 040 |
_aDO-SdBNP _bspa _cBNPHU |
||
| 100 | 1 |
_aTrebizonda, Jorge de _966046 |
|
| 245 | 1 | 3 |
_aEl diálogo de la fe con el sultán de los turcos / _cJorge Ameruzes de Trebisonda ; edición crítica, traducción y estudio por Oscar de la Cruz Palma. |
| 260 |
_aMadrid : _bConsejo Superior de Investigaciones Científicas: _bUniversidad Autónoma de Barcelona, Departamento de Ciencias de la Antigüedad y de la Edad Media, _c2000. |
||
| 300 |
_aXXIX, 194 p., ; _c26 cm. |
||
| 490 | 1 |
_aNueva Roma. Biblioteca Graeca et latina Aevi posterioris _v9 |
|
| 504 | _aIncluye referencias bibliográficas y notas al pie de las páginas | ||
| 546 | _aTexto en latín y español | ||
| 830 | 0 |
_aNueva Roma. Biblioteca Graeca et latina Aevi posterioris _v9 _966044 |
|
| 999 |
_c39341 _d39341 |
||